What is the meaning of these Dutch words? - Statistics

General Stats
  • This quiz has been taken 30 times
  • The average score is 6 of 6
Answer Stats
Question Answer % Correct
vogel bird
100%
boek book
100%
Vrolijk happy
100%
Maandag monday
100%
vlinder butterfly
86%
sleutels keys
71%
No matching quizzes found
Score Distribution
Percent of People with Each Score
Percentile by Number Answered
Your Score History
You have not taken this quiz